Aspectos fisiopatológicos, clínicos y quirúrgicos de las epilesias / (Record no. 109969)
[ view plain ]
| 000 -LEADER | |
|---|---|
| campo de control de longitud fija | 00935nam a2200229 4500 |
| 001 - NÚMERO DE CONTROL | |
| campo de control | 109969 |
| 003 - IDENTIFICADOR DE NÚMERO DE CONTROL | |
| campo de control | ES-MaACL |
| 005 - FECHA Y HORA DE LA ÚLTIMA TRANSACCIÓN | |
| campo de control | 20250814063226.0 |
| 007 - CAMPO FIJO DE DESCRIPCIÓN FÍSICA--INFORMACIÓN GENERAL | |
| campo de control de longitud fija | t| |
| 008 - DATOS DE LONGITUD FIJA--INFORMACIÓN GENERAL | |
| campo de control de longitud fija | 061121s1957 sp r ||||1| spa d |
| 100 1# - ENTRADA PRINCIPAL--NOMBRE DE PERSONA | |
| Nombre de persona | Obrador Alcalde, Sixto, |
| Fechas asociadas al nombre | 1911-1978 |
| 9 (RLIN) | 86417 |
| 245 10 - MENCIÓN DEL TÍTULO | |
| Título | Aspectos fisiopatológicos, clínicos y quirúrgicos de las epilesias / |
| Mención de responsabilidad, etc. | por Sixto Obrador Alcalde, J.C. Oliveros; con una introducción neurofisiológica por A. Fernández de Molina. |
| 260 ## - PUBLICACIÓN, DISTRIBUCIÓN, ETC. | |
| Lugar de publicación, distribución, etc. | Madrid : |
| Nombre del editor, distribuidor, etc. | Paz Montalvo, |
| Fecha de publicación, distribución, etc. | 1957. |
| 300 ## - DESCRIPCIÓN FÍSICA | |
| Extensión | 217 p. : |
| Otras características físicas | il. ; |
| Dimensiones | 24 cm. |
| 500 ## - NOTA GENERAL | |
| Nota general | Es la monografía nº 3. |
| 500 ## - NOTA GENERAL | |
| Nota general | Precede al Tit : Instituto de Investigaciones Clínicas y Médicas. |
| 700 1# - ENTRADA AGREGADA--NOMBRE PERSONAL | |
| Nombre de persona | Oliveros, José Carlos. |
| 9 (RLIN) | 86869 |
| 700 1# - ENTRADA AGREGADA--NOMBRE PERSONAL | |
| Nombre de persona | Fernández de Molina, Antonio. |
| 9 (RLIN) | 216551 |
| 710 2# - ENTRADA AGREGADA--NOMBRE DE ENTIDAD CORPORATIVA | |
| Nombre de entidad corporativa o nombre de jurisdicción como elemento de entrada | Instituto de Investigaciones Clínicas y Médicas (Madrid) |
| 9 (RLIN) | 4968 |
| 852 ## - LOCALIZACIÓN | |
| Ubicación | ES-MaACL |
| Número de control de estantería | C-13255 |
| Sublocalización o colección | R.41268 |
| Estatus retirado | Estado de pérdida | Estado de daño | No para préstamo | Biblioteca de origen | Biblioteca actual | Ubicación en estantería | Fecha de adquisición | Fuente de adquisición | Total de préstamos | Signatura topográfica completa | Código de barras | Visto por última vez | Precio de reemplazo | Tipo de ítem Koha |
|---|---|---|---|---|---|---|---|---|---|---|---|---|---|---|
| Biblioteca del Ateneo de Madrid | Biblioteca del Ateneo de Madrid | Sala Palomar | 17/01/2008 | C-13255 | 1114738 | 23/02/2023 | 23/02/2023 | Libro impreso |
